书目信息 |
| 题名: |
陈书
|
|
| 作者: | 姚思廉 著 | |
| 分册: | 第二册 卷一七至卷三六(传) | |
| 出版信息: | 北京 中华书局 1972.3 |
|
| 页数: | 276页 | |
| 开本: | 20cm | |
| 丛书名: | ||
| 单 册: | ||
| 中图分类: | K239.1 | |
| 科图分类: | ||
| 主题词: | 中国--古代史--封建社会 | |
| 电子资源: | ||
| ISBN: | ||
| 000 | 00627nam0 2200205 45 | |
| 001 | 0312221749 | |
| 005 | 20051102164304.10 | |
| 010 | @dCNY1.80(2册) | |
| 091 | @a11018.609 | |
| 100 | @a20031222d1972 km y0chiy0120 ea | |
| 101 | @achi | |
| 200 | 1 | @a陈书@AChen Shu@h第二册@i卷一七至卷三六(传)@EJuan Yi Qi Zhi Juan San Liu@f(唐)姚思廉著@F(Tang)Yao Si Lian Zhu |
| 210 | @a北京@c中华书局@d1972.3 | |
| 215 | @a276页@d20cm | |
| 517 | @a卷一七至卷三六(传)@Ajuan yi qi zhi juan san liu(chuan) | |
| 606 | 0 | @a中国@x古代史@x封建社会 |
| 690 | @aK239.1@v3 | |
| 701 | 0 | @a姚思廉@4著 |
| 801 | @aCN@bTSTCL@c20051102 | |
| 905 | @dK239.1@e11:2 | |
| 陈书.第二册.卷一七至卷三六(传)/(唐)姚思廉著.-北京:中华书局,1972.3 |
| 276页;20cm |
| ISBN :CNY1.80(2册) |
| ● |
| 相关链接 |
|
|
|
|
正题名:陈书
索取号:K239.1/11:2
 
预约/预借
| 序号 | 登录号 | 条形码 | 馆藏地/架位号 | 状态 | 备注 |
| 1 | 0054269 | 000646064 | 第二样本阅览室/ [索取号:K239.1/11:2] | 在馆 | |
| 2 | 0103095 | 202135073 | 密集书库/ [索取号:K239.1/11:2] | 在馆 | |
| 3 | 0103096 | 001282711 | 第二借阅区/ [索取号:K239.1/11:2] | 在馆 | |
| 4 | 0109085 | 001714381 | 密集书库/ [索取号:K239.1/11:2] | 在馆 | |
| 5 | 0109086 | 202135625 | 密集书库/ [索取号:K239.1/11:2] | 在馆 | |
| 6 | 0175080 | 001282739 | 第二借阅区/ [索取号:K239.1/11:2] | 在馆 | |
| 7 | 0175081 | 001282720 | 第二借阅区/ [索取号:K239.1/11:2] | 在馆 |